00282nam a2200121Ia 4500008004100000041000900041082001800050100002100068245002100089260003400110300000800144650000800152230718s9999 xx 000 0 und d aEng. a345.97bCLO-C aClough & Smathan 0aCriminal Justice aPakistanbLaw book compc2000 a938 aLaw